02489cam a2200289Mi 4500001001300000003000900013005001700022008004100039020001800080020001500098024001800113035002200131040004400153041000800197245027300205260002900478300003400507490004200541520130900583546002301892650004901915650005501964650004502019700003902064700003902103710005702142on1020288336Co-BoUCM20180409080031.0180409s2017 fr ab g b 100 0 fre d a9782360134656 a236013465530a9782360134656 a(OCoLC)1020288336 aCo-BoUCMbfrecSaul NiñodSaul Niño0 afre03aLa violence des marges politiques en France des années 1980 à nos joursc[journée d'études, 2 décembre 2016, à Metz ; organisée par le CRULH, Centre de recherche universitaire lorrain d'histoire] ; sous la direction de Nicolas Lebourg et Isabelle Sommier aParísbRevineuvec2017 a2017 páginasbilustraciones0 aViolences et radicalités militantes aLa 4è de couverture indique : "Explorer le cœur des radicalités, des néo-nazis aux ultra gauches, ce n'est pas les amalgamer. C'est vouloir comprendre le basculement d'une société qui, à partir des années 1980, récuse toute valeur à la violence politique. Alors que les partis extrémistes se normalisent et s'installent dans le paysage électoral, la radicalité se réfugie dans les marges. La pluralité de celles-ci ne dissimule pas des dynamiques générales : dans la France récente, si la violence des militants politiques est moins importante qu'avant, elle est aussi plus structurée selon un mode horizontal. Elle est faite par réseaux et bandes. Elle surgit plus en réaction à une action des ennemis désignés qu'en fonction d'un agenda propre. Elle est plus souvent une question de style ou d'esthétique mobilisant le noyau militant qu'une stratégie de déstabilisation politique. Cette fluidité et cette basse intensité sont en résonance avec l'évolution internationale, comme en témoignent des phénomènes tel que les Blacks blocs ou les Nationalistes Autonomes. Cet ouvrage constitue une approche pluridisciplinaire de cette nouvelle époque, où la violence est avant tout affaire de groupes très idéologisés mais réduits" aTexto en francés 7aViolencia política zFranciay1970-xActas 7aRadicalismo zFranciay1970-xAspectos políticos 7aIdeologías políticaszFranciay1970-1 aLebourg, Nicolasd1974-.edirector1 aSommier, Isabelled1965-edirector2 aCentre de recherche universitaire lorrain d'histoire